[Event "Loire-ch op"]
[Site "Loire"]
[Date "2002.05.25"]
[Round "8"]
[White "Treveys, Maxime"]
[Black "Valentin, Alain"]
[Result "1/2-1/2"]
[WhiteElo "1660"]
[BlackElo "1690"]
[PlyCount "50"]
[EventDate "2001.02.??"]
[EventType "swiss"]
[EventRounds "9"]
[EventCountry "FRA"]
[SourceTitle "EXT 2008"]
[Source "ChessBase"]
[SourceDate "2007.11.25"]
[SourceVersion "1"]
[SourceVersionDate "2007.11.25"]
[SourceQuality "1"]

1. d4 Nf6 2. c4 e6 3. Nc3 Bb4 4. Nf3 0-0 5. e3 b6 6. Bd3 Bb7 7. 0-0 Bxc3 8. bxc3 Ne4 9. Qc2 f5 10. Rd1 Ng5 11. Nxg5 Qxg5 12. e4 Qg6 13. f3 d6 14. Qe2 Nd7 15. exf5 exf5 16. Bd2 Rae8 17. Qf2 Ba6 18. Re1 Qf7 19. Qf1 d5 20. cxd5 Bxd3 21. Qxd3 Qxd5 22. Rxe8 Rxe8 23. a3 c5 24. Be3 c4 25. Qd2 Nf6 1/2-1/2